LEADER 00771nam a2200229 i 4500 001 000000189443 003 CaOOAMICUS 005 20150204000000.0 008 150204s1944 it u000 u ita u 013 $a167716 040 $aSeMil$bita 245 10$aSpiritualitą canossiana. 260 $a[S.l. :$bs.n.],$cstampa 1944. 300 $a411 p. ;$c17 cm. 500 $aFondo card. Giovanni Colombo. 650 4$aCanossiane.$0(OLS)http://semarc/subject/7091 850 $aSeMil 852 $aSeMil$W1$xVenegono$y1$m3GC I 218$j140074$B140074$CSeMilBibl$Z2$F151673 $8B 941 1 $a3 961 $aLascito: Colombo Card. Giovanni 996 $6245$aSpiritualitą canossiana$9(OLS)http://semarc/title/272751 996 $6260$a[S.l. :$bs.n.]$9(OLS)http://semarc/publisher/29751 LEADER 01088nam a2200253 i 4500 001 000000049471 003 CaOOAMICUS 005 20120604000000.0 008 120604s1973 it u000 u ita u 013 $a20642 040 $aSeMil$bita 100 1 $aFourez, Gérard.$0(OLS)http://semarc/name/24512 240 10$aAu-delą des interdits.$0(OLS)http://semarc/title/75223 245 13$aLa fine dei tabł :$bda una morale dell'incontro a una morale sociale /$cGérard Fourez. 260 $aAssisi :$bCittadella,$cstampa 1973. 300 $a182 p. ;$c19 cm. 490 0 $aQuaderni di teologia morale ;$v1 650 4$aTeologia morale.$0(OLS)http://semarc/subject/91 830 0$aQuaderni di teologia morale ;$v1.$0(OLS)http://semarc/title/6488 850 $aSeMil 852 $aSeMil$W1$xVenegono$y1$m2E I 336$j15626$B15626$CSeMilBibl$Z2$F15626 $81 961 $aOmaggio: Colombo don Umberto 996 $6245$aLa fine dei tabł :$bda una morale dell'incontro a una morale sociale$9(OLS)http://semarc/title/75222 996 $6260$aAssisi :$bCittadella$9(OLS)http://semarc/publisher/29661